Mr. Miller's Cities - Statistics

General Stats
  • This quiz has been taken 2 times
  • The average score is 26 of 52
Answer Stats
Hint Answer % Correct
Germany Berlin
100%
France Paris
100%
Japan Tokyo
100%
U.A.E. Abu Dhabi
50%
Jordan Amman
50%
Netherlands Amsterdam
50%
Greece Athens
50%
Iraq Baghdad
50%
Thailand Bangkok
50%
China Beijing
50%
Lebanon Beirut
50%
Switzerland Bern
50%
Argentina Buenos Aires
50%
Egypt Cairo
50%
South Africa Cape Town
50%
Syria Damascus
50%
Ireland Dublin
50%
Cuba Havana
50%
Finland Helsinki
50%
Turkey Istanbul
50%
Indonesia Jakarta
50%
Israel Jerusalem
50%
Afghanistan Kabul
50%
Ukraine Kiev
50%
Jamaica Kingston
50%
D.R.C. Kinshasa
50%
Peru Lima
50%
Portugal Lisbon
50%
England London
50%
Philippians Manila
50%
Somalia Mogadishu
50%
Russia Moscow
50%
Kenya Nairobi
50%
Bahamas Nassau
50%
India New Delhi
50%
Norway Oslo
50%
Canada Ottawa
50%
Czechia Prague
50%
N. Korea Pyongyang
50%
Morocco Rabat
50%
Iceland Reykjavik
50%
Brail Rio
50%
Italy Rome
50%
S. Korea Seoul
50%
Bulgaria Sophia
50%
Australia Sydney
50%
Iran Tehran
50%
Austria Vienna
50%
Mexico Cancun
0%
Scotland Glascow
0%
Sweden Stokholm
0%
Israel West Bank
0%
No matching quizzes found
Score Distribution
Percent of People with Each Score
Percentile by Number Answered
Your Score History
You have not taken this quiz